[Event "Let's Get it Started!"]
[Site "http://www.queenalice.com/game.php?id=610112"]
[Date "2009.6.28"]
[Round "-"]
[White "BBurla"]
[Black "bishopali"]
[Result "1-0"]
[WhiteElo "1723"]
[BlackElo "1460"]

1. g3 c6 2. e3 e5 3. Bg2 Qf6 4. Ne2 Bc5 5. b3 e4 6. Nbc3 Bb4 7. Bxe4 Ne7 8. d4
d5 9. Bg2 Bg4 10. Bd2 O-O 11. h3 Bf3 12. Rh2 Nd7 13. a3 Bd6 14. Bxf3 Qxf3 15.
Ng1 Qf6 16. Qg4 Nf5 17. Nf3 h6 18. b4 Rae8 19. O-O-O Nb6 20. e4 Qg6 21. exf5
Qxg4 22. hxg4 Nc4 23. g5 Nxa3 24. gxh6 Bxb4 25. hxg7 Kxg7 26. Bh6+ Kf6 27. Bxf8
Bxf8 28. g4 Nc4 29. Nd2 Ba3+ 30. Kb1 b5 31. Nxc4 bxc4 32. f4 Rb8+ 33. Ka2 Bb2
34. Rb1 a5 35. Rxb2 Rxb2+ 36. Kxb2 Kg7 37. g5 f6 38. Na4 Kf7 39. g6+ Kg8 40. Nc5
1-0

[Event "Vamos a jugar!"]
[Site "http://www.queenalice.com/game.php?id=622336"]
[Date "2009.7.21"]
[Round "-"]
[White "El_Montes"]
[Black "BBurla"]
[Result "0-1"]
[WhiteElo "1490"]
[BlackElo "1683"]

1. e4 d6 2. Bc4 e6 3. d4 Ne7 4. Ne2 Nd7 5. Nbc3 g6 6. h3 Bg7 7. b3 b6 8. a4 Bb7
9. Ng3 c5 10. Be3 O-O 11. O-O d5 12. exd5 exd5 13. Nxd5 Bxd5 14. Bxd5 Nxd5 15.
Ne4 Nxe3 16. fxe3 cxd4 17. exd4 Re8 18. Nd6 Re6 19. Nc4 Nc5 20. Qf3 Bxd4+ 21.
Kh1 Bxa1 22. Qxf7+ Kh8 23. Rxa1 Qe8 24. Qf4 Re1+ 25. Rxe1 Qxe1+ 26. Kh2 Qe7 27.
a5 b5 28. Ne5 Rf8 29. Qd4 Kg8 30. Qd5+ Ne6 31. Qxb5 Ng5 32. Nc6 Qd6+ 33. Kg1
Nxh3+ 34. gxh3 Qg3+ 35. Kh1 Qxh3+ 36. Kg1 Qg3+ 37. Kh1 Qe1+ 38. Kg2 Rf2+ 39. Kh3
Qe3+ 40. Kg4 Rf4+ 41. Kg5 Rf5+ 42. Kg4 Rxb5 43. b4 h5+ 44. Kh4 g5+ 45. Kxh5 Qh3+
46. Kg6 Qh7+ 47. Kf6 Qf7# 0-1

[Event "Challenge"]
[Site "http://www.queenalice.com/game.php?id=622341"]
[Date "2009.7.21"]
[Round "-"]
[White "Gadou"]
[Black "BBurla"]
[Result "1-0"]
[WhiteElo "1493"]
[BlackElo "1706"]

1. e4 g6 2. Qf3 e6 3. c3 Bg7 4. Bc4 b6 5. e5 Bxe5 6. Qxa8 Nc6 7. Ba6 Bxa6 8.
Qxd8+ Nxd8 9. d4 Bg7 10. b4 Ne7 11. a4 c6 12. Na3 Bd3 13. Bf4 Nd5 14. Be5 Bxe5
15. dxe5 Nxc3 16. Kd2 Be4 17. f3 Bxf3 18. Nxf3 Nxa4 19. Nc4 b5 20. Nd6+ Ke7 21.
Ng5 h6 22. Ndxf7 Nxf7 23. Nxf7 Kxf7 24. Rhf1+ Kg7 25. Rf3 c5 26. bxc5 Nxc5 27.
Rxa7 b4 28. Rc7 b3 29. Rxc5 b2 30. Kc2 Rb8 31. Rf1 g5 32. Rb1 Kg6 33. Rxb2 Rxb2+
34. Kxb2 1-0

[Event "Let's play again"]
[Site "http://www.queenalice.com/game.php?id=623345"]
[Date "2009.7.23"]
[Round "-"]
[White "bishopali"]
[Black "BBurla"]
[Result "1-0"]
[WhiteElo "1468"]
[BlackElo "1730"]

1. c3 g6 2. e4 Bg7 3. Bd3 d6 4. Nf3 Nd7 5. O-O e6 6. Re1 Ne7 7. Bb5 a6 8. Bxd7+
Qxd7 9. d4 b6 10. Na3 Bb7 11. Bf4 O-O 12. Qc2 c5 13. e5 Bxf3 14. gxf3 cxd4 15.
exd6 Nd5 16. Be5 Bxe5 17. Rxe5 Qxd6 18. Nc4 Qc5 19. cxd4 Qxd4 20. a3 Rac8 21.
Re4 Qf6 22. Qb3 b5 23. Ne5 Qg5+ 24. Ng4 f5 25. Re5 Rfe8 26. Rae1 Nf4 27. Kh1 1-0

[Event "Let's get it started!"]
[Site "http://www.queenalice.com/game.php?id=623346"]
[Date "2009.7.23"]
[Round "-"]
[White "LeandroSouza"]
[Black "BBurla"]
[Result "0-1"]
[WhiteElo "1626"]
[BlackElo "1696"]

1. e4 d6 2. d4 b6 3. Bd3 Bb7 4. Be3 g6 5. c3 Bg7 6. Ne2 Nd7 7. Nd2 e6 8. f3 Ne7
9. a3 O-O 10. b4 c5 11. bxc5 bxc5 12. Nc4 cxd4 13. cxd4 d5 14. Nd6 Rb8 15. Nb5
a6 16. Nd6 dxe4 17. Nxb7 Rxb7 18. Bxe4 Rb6 19. O-O f5 20. Bd3 Nd5 21. Qd2 Nxe3
22. Qxe3 e5 23. dxe5 Nxe5 24. Rfd1 Rd6 25. Rab1 Nxd3 26. Rxd3 Rxd3 27. Qc5 Rd1+
28. Rxd1 Qxd1+ 29. Kf2 Re8 30. Qc4+ Kh8 31. Qxa6 Bd4+ 32. Nxd4 Qxd4+ 33. Kg3 f4+
34. Kg4 h5+ 35. Kh4 Qd8+ 36. Kh3 Qd7+ 37. Kh4 g5+ 38. Kxh5 Qh7+ 39. Qh6 Qxh6+
40. Kxh6 Re5 41. Kh5 Kg7 42. h4 gxh4+ 43. Kxh4 Kg6 44. Kg4 Rg5+ 45. Kh3 Rg3+ 46.
Kh2 Kh5 47. a4 Kh4 48. a5 Rg6 49. g4 fxg3+ 50. Kg2 Ra6 51. f4 Rxa5 52. Kf3 Ra3+
53. Ke4 g2 54. f5 g1=Q 55. Ke5 Qc5+ 56. Kf6 Ra6+ 57. Kg7 Qc7+ 58. Kg8 Ra8# 0-1

[Event "Challenge"]
[Site "http://www.queenalice.com/game.php?id=651266"]
[Date "2009.9.12"]
[Round "-"]
[White "Davidziak95"]
[Black "BBurla"]
[Result "1-0"]
[WhiteElo "1729"]
[BlackElo "1691"]

1. d4 e6 2. e4 g6 3. Nf3 Bg7 4. Nc3 d6 5. Bc4 Ne7 6. O-O Nd7 7. Be3 b6 8. Qd2 h6
9. d5 e5 10. Qe2 a6 11. a4 Bb7 12. g4 O-O 13. g5 h5 14. Rfd1 c5 15. dxc6 Bxc6
16. Rxd6 Qc7 17. Rad1 Rfd8 18. Bxa6 1-0

[Event "AUTO-ADV-1559"]
[Site "http://www.queenalice.com/game.php?id=691512"]
[Date "2009.12.1"]
[Round "1"]
[White "xadrez_e_vida"]
[Black "BBurla"]
[Result "0-1"]
[WhiteElo "1811"]
[BlackElo "1710"]

1. c4 g6 2. Nc3 Bg7 3. b3 e6 4. Bb2 b6 5. Nf3 Ne7 6. g3 Bb7 7. Bg2 d6 8. O-O Nd7
9. d4 O-O 10. e4 c5 11. d5 exd5 12. exd5 a6 13. Rb1 Nf5 14. Qd2 Re8 0-1

[Event "AUTO-ADV-1559"]
[Site "http://www.queenalice.com/game.php?id=691513"]
[Date "2009.12.1"]
[Round "1"]
[White "BBurla"]
[Black "xadrez_e_vida"]
[Result "1-0"]
[WhiteElo "1688"]
[BlackElo "1833"]

1. d3 g6 2. g3 Bg7 3. Bg2 Nf6 4. b3 O-O 5. Bb2 d5 6. e3 b6 7. Ne2 Bb7 8. Nd2 c5
9. O-O Nc6 10. c4 dxc4 11. Nxc4 Qd7 12. d4 cxd4 13. Nxd4 Rfd8 14. Bxc6 1-0

[Event "AUTO-ADV-1559"]
[Site "http://www.queenalice.com/game.php?id=691538"]
[Date "2009.12.1"]
[Round "1"]
[White "joaoreis001"]
[Black "BBurla"]
[Result "0-1"]
[WhiteElo "1798"]
[BlackElo "1730"]

1. Nf3 d6 2. e4 g6 3. Bc4 e6 4. d4 Bg7 5. Bg5 Ne7 6. c3 Nd7 7. e5 h6 8. Bf4 d5
9. Bb3 b6 10. c4 c6 11. c5 bxc5 12. Nc3 cxd4 13. Qxd4 c5 14. Qe3 Bb7 15. O-O d4
16. Nxd4 cxd4 17. Qxd4 Nf5 18. Qb4 Rb8 19. Qa4 g5 20. Rad1 Bd5 21. Nxd5 exd5 22.
Rxd5 gxf4 23. Re1 Ne7 24. Ra5 O-O 25. Rxa7 Nxe5 26. Qxf4 Nd3 27. Qe4 Nxe1 28.
Qxe1 Nc6 29. Ra6 Re8 30. Qb1 Qe7 31. Kf1 Qe2+ 32. Kg1 Qe1+ 0-1

[Event "AUTO-ADV-1559"]
[Site "http://www.queenalice.com/game.php?id=691539"]
[Date "2009.12.1"]
[Round "1"]
[White "BBurla"]
[Black "joaoreis001"]
[Result "0-1"]
[WhiteElo "1730"]
[BlackElo "1700"]

1. b3 Nc6 2. Bb2 d5 3. e3 Bf5 4. d3 e6 5. Ne2 Nf6 6. g3 Ne5 7. Bxe5 Ng4 8. Bb2
Bd6 9. Bxg7 Rg8 10. Bc3 b5 11. Bg2 c5 12. h3 Ne5 13. f4 Ng6 14. e4 b4 15. exf5
exf5 16. Bb2 Ne7 17. O-O Rc8 18. a3 Qb6 19. axb4 Nc6 20. bxc5 Bxc5+ 21. d4 Nxd4
22. Nxd4 Rxg3 23. Kh2 Rg6 24. Bxd5 Rd8 25. Nxf5 Bf8 26. Qe1+ Kd7 27. Bd4 Qb5 28.
Rxa7+ Kc8 29. Qc3+ Bc5 30. Bxc5 Rxd5 31. Qh8+ Rd8 32. Nd6+ Rxd6 33. Bxd6 Rxh8
34. Ra8+ Kd7 35. Ra7+ Kxd6 36. Rd1+ Kc6 37. c4 Qxb3 38. Ra6+ Kb7 0-1